[Event "SVK League Cup 1st"]
[Site "Tornelo INT"]
[Date "2021.03.28"]
[Round "2"]
[White "Janotak, Michal"]
[Black "Novomeska, Karin"]
[Result "0-1"]
[WhiteElo "1000"]
[BlackElo "1438"]
[PlyCount "58"]
[EventDate "2021.03.27"]
[EventType "swiss"]
[EventRounds "8"]
[EventCountry "SVK"]
[SourceTitle "EXT 2022"]
[Source "ChessBase"]
[SourceDate "2021.10.06"]
[SourceVersion "1"]
[SourceVersionDate "2021.10.06"]
[SourceQuality "1"]

1. d4 d5 2. c4 e6 3. e3 Nf6 4. Nc3 c6 5. Bd2 Nbd7 6. Nf3 dxc4 7. Bxc4 Nb6 8. 0-0 Nxc4 9. b3 Nxd2 10. Nxd2 Bb4 11. Qc2 0-0 12. a3 Bxc3 13. Qxc3 Nd5 14. Qd3 Bd7 15. e4 Nf6 16. e5 Nd5 17. Nf3 h6 18. h3 Qb6 19. b4 Qd8 20. Rfe1 Rc8 21. Rac1 Qe7 22. g4 b6 23. h4 c5 24. g5 h5 25. g6 Nf4 26. Qe4 Nxg6 27. dxc5 bxc5 28. b5 Bxb5 29. Qb7 Qxb7 0-1